Fast typing to 100 in ternary - Statistics

General Stats
  • This quiz has been taken 830 times
  • The average score is 44 of 100
Answer Stats
Answer % Correct
1
100%
2
98%
10
75%
11
73%
12
73%
20
70%
21
69%
22
69%
100
66%
101
64%
102
64%
110
64%
112
64%
111
63%
120
63%
121
62%
122
62%
200
61%
201
61%
202
61%
210
61%
211
61%
212
60%
220
60%
221
60%
222
60%
1000
59%
1001
59%
1002
58%
1010
58%
1011
58%
1012
58%
1020
57%
1021
56%
1022
56%
1100
55%
1101
54%
1102
53%
1110
53%
1111
52%
1112
50%
1120
49%
1121
48%
1122
47%
1200
46%
1201
46%
1202
46%
1210
45%
1211
45%
1212
44%
1220
43%
1221
43%
1222
42%
2000
41%
2001
40%
2002
40%
2010
39%
2011
39%
2012
37%
2020
36%
2021
35%
2022
34%
2100
32%
2101
30%
2102
30%
2110
30%
2111
29%
2112
29%
2120
29%
2121
29%
2122
28%
2200
27%
2201
27%
2202
27%
2210
26%
2211
26%
2212
26%
2220
26%
2221
26%
2222
26%
10000
25%
10001
24%
10002
24%
10010
24%
10011
24%
10012
24%
10020
24%
10021
23%
10022
23%
10100
23%
10101
23%
10102
23%
10110
22%
10111
21%
10112
21%
10120
21%
10121
21%
10122
21%
10200
21%
10201
21%
No matching quizzes found
Score Distribution
Percent of People with Each Score
Percentile by Number Answered
Your Score History
You have not taken this quiz